Aquarium on wheels / (Record no. 8399)

MARC details
000 -LEADER
fixed length control field 01396cam a2200349 i 4500
001 - CONTROL NUMBER
control field 8399
003 - CONTROL NUMBER IDENTIFIER
control field FISKH
005 - DATE AND TIME OF LATEST TRANSACTION
control field 20250910144751.0
008 - FIXED-LENGTH DATA ELEMENTS--GENERAL INFORMATION
fixed length control field 141104s2009 mauab 000 0 eng
010 ## - LIBRARY OF CONGRESS CONTROL NUMBER
LC control number 2014412488
020 ## - INTERNATIONAL STANDARD BOOK NUMBER
International Standard Book Number 9781424012152
Qualifying information pbk
020 ## - INTERNATIONAL STANDARD BOOK NUMBER
International Standard Book Number 1424012155
Qualifying information pbk
020 ## - INTERNATIONAL STANDARD BOOK NUMBER
International Standard Book Number 9781424011209
040 ## - CATALOGING SOURCE
Original cataloging agency DLC
Language of cataloging eng
Description conventions rda
Transcribing agency DLC
050 00 - LIBRARY OF CONGRESS CALL NUMBER
Classification number QL78.5
Item number .A68 2009
082 00 - DEWEY DECIMAL CLASSIFICATION NUMBER
Classification number 597.17707309752/6
Edition number 23
100 ## - MAIN ENTRY--PERSONAL NAME
Personal name Waring, Rob
245 00 - TITLE STATEMENT
Title Aquarium on wheels /
Statement of responsibility, etc. Rob Waring, series editor.
260 ## - PUBLICATION, DISTRIBUTION, ETC.
Place of publication, distribution, etc. London :
Name of publisher, distributor, etc. Heinle,
Date of publication, distribution, etc. 2009.
300 ## - PHYSICAL DESCRIPTION
Extent 24 pages :
Other physical details color illustrations, color map ;
Dimensions 21 cm.
490 0# - SERIES STATEMENT
Series statement Footprint reading library
490 0# - SERIES STATEMENT
Series statement Amazing science
500 ## - GENERAL NOTE
General note Includes vocabulary list.
520 ## - SUMMARY, ETC.
Summary, etc. People often visit aquariums to see sea creatures in their natural environment, but in Baltimore, a local program brings aquarium exhibits to people. Local teenagers travel to schools and libraries to educate children about sea life and conservation. How do people react to Aquarium on Wheels? What do the teenagers learn from their work?
650 #0 - SUBJECT ADDED ENTRY--TOPICAL TERM
Topical term or geographic name entry element Public marine aquariums
Geographic subdivision Maryland
-- Baltimore.
650 #0 - SUBJECT ADDED ENTRY--TOPICAL TERM
Topical term or geographic name entry element Aquariums
Geographic subdivision Maryland
-- Baltimore.
650 #0 - SUBJECT ADDED ENTRY--TOPICAL TERM
Topical term or geographic name entry element English language
Form subdivision Textbooks for foreign speakers.
650 #0 - SUBJECT ADDED ENTRY--TOPICAL TERM
Topical term or geographic name entry element Readers (Elementary)
906 ## - LOCAL DATA ELEMENT F, LDF (RLIN)
a 7
b cbc
c orignew
d 2
e ncip
f 20
g y-gencatlg
942 ## - ADDED ENTRY ELEMENTS (KOHA)
Source of classification or shelving scheme Dewey Decimal Classification
Koha item type Books
Suppress in OPAC No
Holdings
Withdrawn status Lost status Source of classification or shelving scheme Damaged status Not for loan Collection Home library Current library Shelving location Date acquired Total Checkouts Full call number Barcode Date last seen Copy number Price effective from Koha item type
    Dewey Decimal Classification     Non-Fiction Footprints International School Library Network Toul Tom Poung Campus Footprints International School Library Network Toul Tom Poung Campus TTP Secondary Non-Fiction Bookshelves 09/10/2025   WAR 639 QL78.5 .A68 FIS01305 09/10/2025 1 09/10/2025 Books